00409nam a2200145Ia 4500008004100000020001800041041000800059082001500067100002000082245008100102250000600183260003900189300001200228650002300240210716s2010 xx 000 0 und d a9788131727546 aeng a658.7 SOPV aSople, Vinod V. aLogistics management: the supply chain imperative.bSupply chain imperative. a2 aNew DelhibPearson Educationc2010 axix,500 aChamber music(785)